| 000 | 01074cam a22003017a 4500 | ||
|---|---|---|---|
| 003 | CHAP | ||
| 005 | 20220329142332.0 | ||
| 008 | 000814d1998 us a r 00110 eng d | ||
| 010 | _a81944 | ||
| 011 | _a82916 | ||
| 020 | _a1578080487 | ||
| 035 | _a93422 | ||
| 040 | _cCHAP | ||
| 082 | 0 | 4 |
_a634.9 _bW6 |
| 100 | 1 |
_aWojtkowski, Paul A. _9122412 |
|
| 245 | 1 | 4 |
_aThe theory and practice of agroforestry design : _ba comprehensive study of the theories, conepts and conventions that underlie the successful use of agroforestry _c/by Paul Wojtkowski |
| 260 |
_aEnfield, New Hampshire : _bScience publishers, _c1998. |
||
| 300 |
_a282 p. : _bilus. ; gráfs. |
||
| 590 |
_aBATCH-UPD _b10 _c20130110 _lUCH01 _h0612 |
||
| 590 |
_aBATCH-UPD _b10 _c20130410 _lUCH01 _h0254 |
||
| 590 |
_aBATCH-UPD _b10 _c20130913 _lUCH01 _h2210 |
||
| 590 |
_aCONVERSION _b10 _c20130109 _lUCH01 _h1345 |
||
| 650 | 1 | 4 |
_aAgroforestería. _92156 |
| 901 | _aBK | ||
| 905 | _aBlanca M. García O. | ||
| 942 | _cLIBRO | ||
| 949 |
_a634.9 W6 _bBC _cLIBRO _d33724000785366 _eLIBRO _g1. 206199 _h98467 _i93422 _si _t$393.90 |
||
| 999 |
_c81944 _d81944 |
||